000 01018nam a22003137a 4500
003 CHAP
005 20220329134905.0
008 971013s1965 r 00010 d
010 _a27598
011 _a28570
035 _a32675
040 _cCHAP
090 _aFolleto 6421
110 _aINIA. México. Campo Agrícola Experimental Los Mochis
_958499
245 _aRecomendaciones generales para el día del agrícultor
260 _a(México, D.F.) :
_bEl Instituto,
_c1965
300 _a22 p
500 _ac.4-5 en bodega
590 _aBATCH-UPD
_b10
_c20130110
_lUCH01
_h0252
590 _aBATCH-UPD
_b10
_c20130110
_lUCH01
_h1142
590 _aCONVERSION
_b10
_c20130109
_lUCH01
_h1316
650 1 4 _aAgricultura
_xSinaloa.
_91794
650 1 4 _aCultivos
_xSinaloa.
_930326
901 _aBK
942 _cFOLL
949 _aFolleto 6421
_bBC
_cFOLL
_d-76074
_eTS1
_i32675
_mD
_si
949 _aFolleto 6421
_bBC
_cFOLL
_d-76075
_eTS2
_fc.2
_i32675
_mD
_si
949 _aFolleto 6421
_bBC
_cFOLL
_d-76076
_eTS2
_fc.3
_i32675
_mD
_si
999 _c27598
_d27598